00422nam a2200145Ia 4500008004100000040001900041041001200060082002300072245008000095260002500175300001900200650001900219700002000238850001800258131103s9999 xx 000 0 und d aLoreto College aEnglish a821/BRAbLCBkB/E31 4aThe way we gob a prose selection for degree students cedited by L.Brander aLondonbO.U.P.c1968 a208p. c 20cm. aEnglish poetry aBrander, L.;ed. aLCBkB/821/BRA